Visualization and optimization
Αποθηκεύτηκε σε:
| Κύριος συγγραφέας: | |
|---|---|
| Μορφή: | Βιβλίο |
| Γλώσσα: | English |
| Δημοσίευση: |
Boston ; Dordrecht :
Kluwer Academic,
c1996
|
| Σειρά: | Operations research/computer science interfaces series ;
; 6 |
| Θέματα: | |
| Ετικέτες: |
Προσθήκη ετικέτας
Δεν υπάρχουν, Καταχωρήστε ετικέτα πρώτοι!
|
MARC
| LEADER | 00000nam a2200000 i 4500 | ||
|---|---|---|---|
| 001 | 1/5654 | ||
| 008 | 000607s1996 eng d | ||
| 020 | |a 0-7923-9672-3 | ||
| 035 | |l 10061661 | ||
| 040 | |a GR-MY-UA |b gre |e aacr | ||
| 041 | 0 | |a eng | |
| 082 | 0 | |a 003.36 | |
| 100 | 1 | |a Jones, Christopher Vyn |d 1958- | |
| 245 | 1 | 0 | |a Visualization and optimization / |c Christopher V. Jones |
| 260 | |a Boston ; Dordrecht : |b Kluwer Academic, |c c1996 | ||
| 300 | |a xiv, 434 p.; |b ill.; |c 25 cm. | ||
| 490 | 1 | |a Operations research/computer science interface series |v ; 6 | |
| 504 | |a Includes bibliographical references and indexes | ||
| 650 | 0 | 0 | |a Operations research. |
| 650 | 0 | 0 | |a Visualization. |
| 650 | 0 | 0 | |a Mathematical optimization. |
| 830 | 0 | |a Operations research/computer science interfaces series ; |v ; 6 | |
| 852 | |a INST |b SAMOS |e 20000607 |h 003.36 JON |p 005300019700 |q 005300019700 |t BK |y 0 | ||
| 901 | |a BIBL3-2000-2 | ||
| 909 | |a Σ |b 078710 | ||
| 922 | |a 3ΕΛΗ |b 200005 |c ΚΠΣ |d LEADER | ||
| 950 | |a 116-1999-12-31 | ||
| 970 | |a ΓΕΝΟΥΖΟΥ |b ΧΡΥΣΑΝΘΗ |z 2000/06/08 | ||